| 000 | 00823nam a2200253 a 4500 | ||
|---|---|---|---|
| 001 | 67660 | ||
| 003 | BD-RjUL | ||
| 005 | 20211209081659.0 | ||
| 008 | 170328s1953 maua b 001 0 eng | ||
| 035 | _a(BD-RjUL)67869 | ||
| 040 |
_aDLC _cTxU-Da _dOCoLC _dDLC _dBD-RjUL _beng |
||
| 041 | _aeng | ||
| 082 |
_a541.2 _223 _bHUP 1953 |
||
| 100 | 1 |
_aHughes, Donald James, _d1915- _9200597 |
|
| 245 | 1 | 0 |
_aPile neutron research / _cDonald James Hughes |
| 260 |
_aCambridge, Mass., _bAddison-Wesley Pub. Co., _c1953. |
||
| 300 |
_axiii, 386 p. : _bill. ; _c24 cm. |
||
| 490 | 0 | _aAddison-Wesley nuclear science and engineering series | |
| 504 | _aIncludes bibliography. | ||
| 650 | 0 |
_aNeutrons. _9200598 |
|
| 650 | 0 |
_aNuclear reactors. _9200599 |
|
| 856 | _3Addison-Wesley nuclear science and engineering series | ||
| 942 |
_2ddc _cBK |
||
| 999 |
_c67660 _d67660 |
||